000 00828nam a2200253 i 4500
001 bg
100 1 _aWRZOSEK, Stanisław
245 1 0 _aPaństwo, gospodarka, zasoby naturalne :
_bproblematyka prawna /
_cStanisław Wrzosek ; Politechnika Białostocka.
260 _aBiałystok :
_bWydawnictwa PB,
_c1996.
300 _a290 s. ;
_c23 cm.
650 9 _aPrawo administracyjne
_zPolska
650 9 _aPrawo gospodarcze
_zPolska
650 9 _aPrawo państwowe
_zPolska
650 9 _aPrawo pracy
_zPolska
650 9 _aŚrodowisko człowieka
_xhigiena i ochrona
_xprawo
_zPolska
655 _aPodręczniki akademickie
020 _a8386272341
040 _cBPK
041 0 _apl
080 _a342+342.951:351.82+349.2+349.6](438)(075.8)
920 _a83-86272-34-1
942 _cKS
008 s pl f |000 0 pol
999 _c24865
_d24865
856 _uhttp://koha.tu.koszalin.pl/cgi-bin/koha/opac-detail.pl?biblionumber=24865
_yKatalog online BPK